Assured shorthold tenure: long term insecurity? (Record no. 16843)
[ view plain ]
| 000 -LEADER | |
|---|---|
| fixed length control field | 00944cab a2200193 4500 |
| 001 - CONTROL NUMBER | |
| control field | ABS40627 |
| 008 - FIXED-LENGTH DATA ELEMENTS--GENERAL INFORMATION | |
| fixed length control field | 090401t1989 xxu||||| |||| 00| 0 eng d |
| 035 ## - SYSTEM CONTROL NUMBER | |
| System control number | (Sirsi) u25111 |
| 041 ## - LANGUAGE CODE | |
| Language code of text/sound track or separate title | eng |
| 100 ## - MAIN ENTRY--PERSONAL NAME | |
| Personal name | Rodgers, C.P. |
| 245 ## - TITLE STATEMENT | |
| Title | Assured shorthold tenure: long term insecurity? |
| 260 ## - PUBLICATION, DISTRIBUTION, ETC. | |
| Date of publication, distribution, etc. | 1989 |
| 350 ## - PRICE (NR) (BK AM CF MU VM SE) [OBSOLETE] | |
| Price | 0 |
| 490 ## - SERIES STATEMENT | |
| Series statement | Law Society`s Gazette |
| Volume/sequential designation | 86(12) 22 March 1989, 34-36(3) |
| 520 ## - SUMMARY, ETC. | |
| Summary, etc. | Examines provisions in the Housing Act 1988 for the assured shorthold tenancy ; compares it with the old style protected shorthold tenancy and discusses control of shorthold rent s and grounds for possession . Considers advantages of the assured shorthold for private sector landlords, but warns that this form of tenancy could create long term insecurity for tenants without effective rent control. |
| 690 ## - LOCAL SUBJECT ADDED ENTRY--TOPICAL TERM (OCLC, RLIN) | |
| Topical term or geographic name as entry element | PROPERTY-RESIDENTIAL PROPERTY-RESIDENTIAL LANDLORD AND TENANT-RESIDENTIAL TENANCIES |
| 942 ## - ADDED ENTRY ELEMENTS (KOHA) | |
| Suppress in OPAC | 0 |
| 948 ## - LOCAL PROCESSING INFORMATION (OCLC); SERIES PART DESIGNATOR (RLIN) | |
| c (OCLC) | 04/03/1997 |
| Withdrawn status | Lost status | Source of classification or shelving scheme | Damaged status | Not for loan | Home library | Current library | Shelving location | Date acquired | Total Checkouts | Full call number | Barcode | Date last seen | Copy number | Price effective from | Koha item type |
|---|---|---|---|---|---|---|---|---|---|---|---|---|---|---|---|
| Dewey Decimal Classification | London | London | Journal article | 14/09/1999 | ABS40627 | 25111-1001 | 06/08/2019 | 1 | 06/08/2019 | Journal article |